[Event "Championnat de France Cadet"]
[Site "CALVI"]
[Date "????.??.??"]
[Round "2.5"]
[White "Chau, Olivier"]
[Black "Perrot, Pierre"]
[Result "1-0"]
[WhiteElo "2186"]
[BlackElo "1999"]
[PlyCount "81"]
[EventDate "2005.??.??"]
[SourceDate "2005.04.17"]

1. e4 c6 2. d4 d5 3. Nc3 dxe4 4. Nxe4 Bf5 5. Ng3 Bg6 6. h4 h6 7. h5 Bh7 8. Nf3
Nd7 9. Bd3 Bxd3 10. Qxd3 Ngf6 11. Bf4 Qa5+ 12. Bd2 Qc7 13. O-O-O e6 14. Kb1
O-O-O 15. Ne4 Nxe4 16. Qxe4 Bd6 17. g3 Rhe8 18. Qh7 Rg8 19. c4 Nf6 20. Qc2 c5
21. d5 exd5 22. cxd5 Kb8 23. Bc3 Nd7 24. Rhe1 f6 25. Nh4 Be5 26. Nf5 Bxc3 27.
Qxc3 Rde8 28. d6 Qb6 29. Ne7 Rgf8 30. f4 Qb4 31. Qc2 Nb6 32. Re4 Qb5 33. g4 c4
34. Ka1 a6 35. b3 cxb3 36. axb3 Qa5+ 37. Kb2 Qb5 38. Qc7+ Ka7 39. Rb4 Rxe7 40.
dxe7 Qxb4 41. exf8=Q 1-0

[Event "Championnat de France Cadet"]
[Site "CALVI"]
[Date "????.??.??"]
[Round "2.6"]
[White "Camel, Lorenzo"]
[Black "Platel, Alexandre"]
[Result "0-1"]
[WhiteElo "1999"]
[BlackElo "2149"]
[PlyCount "74"]
[EventDate "2005.??.??"]
[SourceDate "2005.04.17"]

1. Nc3 e5 2. Nf3 Nc6 3. d4 exd4 4. Nxd4 Nf6 5. Bg5 Bc5 6. Nxc6 bxc6 7. e4 h6 8.
Bh4 Qe7 9. Bd3 d6 10. O-O g5 11. Bg3 O-O 12. Qd2 Nh5 13. Rae1 Nxg3 14. hxg3 Rb8
15. Nd1 Bg4 16. Ne3 Bxe3 17. Qxe3 Rxb2 18. Qxa7 Rfb8 19. Qa5 c5 20. a3 Be6 21.
Qc3 g4 22. f4 gxf3 23. gxf3 Bh3 24. Rf2 Qg5 25. g4 Qf4 26. Bf1 Qg3+ 27. Bg2 Rb1
28. Kf1 Bxg2+ 29. Rxg2 Rxe1+ 30. Qxe1 Qxf3+ 31. Kg1 f6 32. Rg3 Qf4 33. Qf2 Qxe4
34. Rf3 Rb1+ 35. Kh2 Re1 36. Kg3 Qe5+ 37. Rf4 Re3+ 0-1

[Event "Championnat de France Cadet"]
[Site "CALVI"]
[Date "????.??.??"]
[Round "2.7"]
[White "Fischer, Marc"]
[Black "Baeumlin, Francois"]
[Result "1/2-1/2"]
[WhiteElo "2129"]
[BlackElo "1996"]
[PlyCount "77"]
[EventDate "2005.??.??"]
[SourceDate "2005.04.17"]

1. d4 d5 2. Nf3 Nf6 3. g3 e6 4. Bg2 c5 5. c3 Nbd7 6. O-O Bd6 7. Nbd2 O-O 8. Re1
b6 9. e4 Nxe4 10. Nxe4 dxe4 11. Rxe4 Bb7 12. Bg5 Nf6 13. Re1 Be7 14. dxc5 bxc5
15. Qc2 Qb6 16. Rad1 Rfd8 17. Be3 Nd5 18. Bg5 Bf6 19. Bxf6 Nxf6 20. Rxd8+ Rxd8
21. Rd1 Rxd1+ 22. Qxd1 h6 23. b3 Qa5 24. Qc2 Be4 25. Qb2 Nd5 26. c4 Nb4 27. a3
Nc2 28. Qe5 Bd3 29. Qd6 {(=)} 29... Nd4 30. b4 Qxa3 31. h4 Nxf3+ 32. Bxf3 cxb4
33. Kh2 Bxc4 34. Be4 f5 35. Bg2 a5 36. h5 Qb2 37. Qc6 Bd5 38. Qe8+ Kh7 39. Qg6+
1/2-1/2

[Event "Championnat de France Cadet"]
[Site "CALVI"]
[Date "????.??.??"]
[Round "2.8"]
[White "Le Goff, Damien"]
[Black "Picard, Remi"]
[Result "1/2-1/2"]
[WhiteElo "2122"]
[BlackElo "1995"]
[PlyCount "92"]
[EventDate "2005.??.??"]
[SourceDate "2005.04.17"]

1. e4 e6 2. d4 d5 3. Nc3 Nf6 4. Bg5 dxe4 5. Nxe4 Be7 6. Bxf6 Bxf6 7. Nxf6+ Qxf6
8. Nf3 O-O 9. Bd3 Nc6 10. Qe2 Nxd4 11. Nxd4 Qxd4 12. O-O-O Qf4+ 13. Kb1 e5 14.
g3 Qf6 15. f4 exf4 16. Qe4 g6 17. Rhf1 Bf5 18. Qxf4 Qe6 19. Bxf5 Qxf5 20. Qxf5
gxf5 21. Rd7 Rac8 22. Rxf5 Rcd8 23. Rg5+ Kh8 24. Rgd5 Rc8 25. b3 Kg7 26. a4 b6
27. a5 Kf6 28. a6 Rfe8 29. Rd3 Re7 30. Rd8 Rxd8 31. Rxd8 c5 32. c4 Ke5 33. Kb2
f5 34. Ka3 f4 35. gxf4+ Kxf4 36. Ka4 Rc7 37. Kb5 Ke5 38. Rd3 Ke6 39. Rh3 Kd6
40. Rh6+ Ke5 41. Rc6 Rxc6 42. Kxc6 Ke6 43. Kb7 Kd7 44. Kb8 Kd8 45. h3 h6 46.
Ka8 Kc8 1/2-1/2

[Event "Championnat de France Cadet"]
[Site "CALVI"]
[Date "????.??.??"]
[Round "2.9"]
[White "Franck, Boris"]
[Black "Pieroni, Guillaume"]
[Result "1-0"]
[WhiteElo "1998"]
[BlackElo "2109"]
[PlyCount "43"]
[EventDate "2005.??.??"]
[SourceDate "2005.04.17"]

1. e4 e6 2. Nf3 d5 3. e5 c5 4. b4 b6 5. c3 Qd7 6. a3 Ba6 7. Bxa6 Nxa6 8. d4 Ne7
9. O-O Ng6 10. h4 Be7 11. g3 Nc7 12. Qd3 a5 13. bxc5 bxc5 14. a4 Rb8 15. h5 Nf8
16. h6 gxh6 17. Bxh6 Ng6 18. Nbd2 Qc6 19. Rab1 Kd7 20. Ng5 f5 21. exf6 Bxf6 22.
Rxb8 1-0

[Event "Championnat de France Cadet"]
[Site "CALVI"]
[Date "????.??.??"]
[Round "2.10"]
[White "Entem, Alan"]
[Black "Pierre, Timothee"]
[Result "1-0"]
[WhiteElo "2088"]
[BlackElo "1994"]
[PlyCount "79"]
[EventDate "2005.??.??"]
[SourceDate "2005.04.17"]

1. e4 e5 2. Bc4 Bc5 3. Nc3 Nf6 4. d3 h6 5. f4 d6 6. Nf3 Nc6 7. f5 Ng4 8. Qe2
Bf2+ 9. Kd1 Bb6 10. Rf1 Bd7 11. h3 Nf6 12. g4 Na5 13. Bb3 Qe7 14. g5 hxg5 15.
Bxg5 Nxb3 16. axb3 c6 17. Ra4 O-O-O 18. Kd2 Kc7 19. h4 a6 20. Rfa1 Rhe8 21. Rc4
Kb8 22. Rb4 Bc5 23. Rba4 Kc7 24. b4 Bd4 25. Nd1 Rb8 26. c3 Bb6 27. R4a2 Qf8 28.
Ne3 Bxe3+ 29. Bxe3 Ng4 30. Bg1 f6 31. c4 Qf7 32. Qg2 Qh5 33. c5 d5 34. Rd1 d4
35. Qg3 Kc8 36. b5 axb5 37. Rda1 Rg8 38. Ra8 Qh6+ 39. Ke2 Ne3 40. Nxe5 {
suite illisible} 1-0

[Event "Championnat de France Cadette"]
[Site "CALVI"]
[Date "????.??.??"]
[Round "2.1"]
[White "Cochet, Caroline"]
[Black "Rasse, Charlotte"]
[Result "1-0"]
[WhiteElo "2086"]
[BlackElo "1995"]
[PlyCount "71"]
[EventDate "2005.??.??"]
[SourceDate "2005.04.17"]

1. e4 d5 2. exd5 Qxd5 3. Nf3 Nf6 4. Be2 Bf5 5. d4 e6 6. O-O c6 7. c4 Qd8 8. Nc3
Bd6 9. Re1 O-O 10. Nh4 Bg6 11. Nxg6 hxg6 12. Bg5 Qc7 13. h3 Bf4 14. Bxf6 gxf6
15. Qb3 Nd7 16. Rad1 Rfd8 17. Bf3 Rac8 18. g3 Bh6 19. d5 Ne5 20. Bg2 exd5 21.
cxd5 Bf8 22. Ne4 Kg7 23. f4 Nd7 24. Kh2 Nc5 25. Nxc5 Bxc5 26. Rd2 cxd5 27. Bxd5
Bb6 28. Rde2 Rd7 29. h4 Qd6 30. Bg2 Qc5 31. Bh3 f5 32. Bg2 Qd6 33. Re5 Qd2 34.
R1e2 Qc1 35. Re7 Rcc7 36. Qxf7+ 1-0

[Event "Championnat de France Cadette"]
[Site "CALVI"]
[Date "????.??.??"]
[Round "2.2"]
[White "Bermond, Stephanie"]
[Black "Choisy, Mathilde"]
[Result "0-1"]
[WhiteElo "2006"]
[BlackElo "2079"]
[PlyCount "86"]
[EventDate "2005.??.??"]
[SourceDate "2005.04.17"]

1. c4 e5 2. Nc3 Nc6 3. g3 g6 4. Bg2 Bg7 5. d3 h6 6. Nf3 d6 7. Rb1 a5 8. a3 Nf6
9. O-O Be6 10. b4 axb4 11. axb4 O-O 12. b5 Ne7 13. Bb2 Rb8 14. Qc1 b6 15. Ra1
Qd7 16. Qc2 Bh3 17. Ra7 Bxg2 18. Kxg2 Nh7 19. Rd1 Rbe8 20. Qb3 Kh8 21. Bc1 f5
22. Be3 Nc8 23. Rb7 f4 24. Bc1 Ne7 25. Ra7 g5 26. Nd5 Nxd5 27. cxd5 Bf6 28. Qc4
Bd8 29. Bb2 Nf6 30. Qc6 Qf7 31. Nd2 Nxd5 32. Rf1 Kg8 33. Kg1 Nf6 34. Nc4 Qh5
35. Qg2 Qxe2 36. gxf4 exf4 37. Bxf6 Rxf6 38. Qd5+ Qe6 39. Qxe6+ Rfxe6 40. Ra2
Re1 41. Rc2 Kf7 42. Rxe1 Rxe1+ 43. Kg2 Rb1 0-1

[Event "Championnat de France Cadette"]
[Site "CALVI"]
[Date "????.??.??"]
[Round "2.3"]
[White "Aggoune, Liza"]
[Black "Cloarec, Audrey"]
[Result "0-1"]
[WhiteElo "2060"]
[BlackElo "1902"]
[PlyCount "90"]
[EventDate "2005.??.??"]
[SourceDate "2005.04.17"]

1. e4 d5 2. exd5 Qxd5 3. Nc3 Qa5 4. d4 Nf6 5. Bd2 Bg4 6. Be2 Bxe2 7. Qxe2 Nc6
8. Nf3 O-O-O 9. Qc4 e6 10. O-O Qb6 11. Na4 Qa6 12. Qxa6 bxa6 13. Be3 Ne4 14.
Nc3 Nxc3 15. bxc3 f6 16. Rfd1 g5 17. h3 h5 18. g4 hxg4 19. hxg4 Bd6 20. Kg2 Rd7
21. Rh1 Rdh7 22. c4 Rxh1 23. Rxh1 Rxh1 24. Kxh1 Nb4 25. d5 exd5 26. cxd5 Nxc2
27. Bxa7 Nb4 28. Bd4 Nxd5 29. Nd2 Kd7 30. Kg2 Ke6 31. Ne4 Be7 32. Kf3 a5 33.
Bc5 Bxc5 34. Nxc5+ Ke5 35. Nb7 a4 36. a3 Kd4 37. Ke2 Nc3+ 38. Kd2 Nb1+ 39. Kc1
Nxa3 40. Nd8 Kd5 41. Kb2 Nc4+ 42. Kc3 Ne5 43. Kb4 Nc6+ 44. Nxc6 Kxc6 45. Kxa4
Kd5 0-1

[Event "Championnat de France Cadette"]
[Site "CALVI"]
[Date "????.??.??"]
[Round "2.4"]
[White "Hamsany, Marie"]
[Black "Bolon, Karelle"]
[Result "0-1"]
[WhiteElo "1940"]
[BlackElo "2042"]
[PlyCount "48"]
[EventDate "2005.??.??"]
[SourceDate "2005.04.17"]

1. e4 c5 2. Nc3 e6 3. Nf3 a6 4. d3 d5 5. Bf4 b5 6. Qd2 Bb7 7. exd5 exd5 8. d4
c4 9. Be2 Be7 10. O-O Nf6 11. Qc1 O-O 12. Nd1 Nc6 13. c3 a5 14. Qc2 b4 15. Ne5
a4 16. Nxc6 Bxc6 17. cxb4 Bxb4 18. Nc3 Qa5 19. f3 a3 20. Bd2 Qb6 21. Be3 Rfe8
22. Kf2 Rxe3 23. Kxe3 Re8+ 24. Kf2 Qxd4+ 0-1

[Event "Championnat de France Cadette"]
[Site "CALVI"]
[Date "????.??.??"]
[Round "2.5"]
[White "Marchadour, Emilie"]
[Black "Plessis, Laura"]
[Result "1-0"]
[WhiteElo "2018"]
[BlackElo "1898"]
[PlyCount "53"]
[EventDate "2005.??.??"]
[SourceDate "2005.04.17"]

1. e4 d6 2. d4 Nf6 3. Bd3 Nbd7 4. Nf3 e5 5. O-O Be7 6. h3 O-O 7. c3 Re8 8. Re1
Bf8 9. Nh2 exd4 10. cxd4 c5 11. d5 Ne5 12. Bc2 g6 13. f4 Ned7 14. Nf3 Nb6 15.
Nc3 Bg7 16. Bb3 Nfd7 17. Nb5 Nf8 18. Qd3 a6 19. Na3 Nbd7 20. Nc4 Nf6 21. e5 Bf5
22. Qd1 dxe5 23. fxe5 N6d7 24. Nd6 Re7 25. Nxf5 gxf5 26. Bg5 Kh8 27. d6 1-0

[Event "Championnat de France Cadette"]
[Site "CALVI"]
[Date "????.??.??"]
[Round "2.6"]
[White "Bartolo, Amandine"]
[Black "Maupin, Valerie"]
[Result "0-1"]
[WhiteElo "1260"]
[BlackElo "2012"]
[PlyCount "46"]
[EventDate "2005.??.??"]
[SourceDate "2005.04.17"]

1. e4 c5 2. Nf3 e6 3. d4 cxd4 4. Nxd4 Nf6 5. Nc3 Nc6 6. Be3 Bb4 7. Bd3 d5 8.
O-O e5 9. Nxc6 bxc6 10. exd5 cxd5 11. Bd2 O-O 12. a3 Ba5 13. Re1 e4 14. Be2 d4
15. Nb1 Bb6 16. Bb4 Re8 17. Bb5 Bd7 18. Bxd7 Qxd7 19. Kh1 a5 20. Bd2 e3 21.
fxe3 dxe3 22. Bc3 Qxd1 23. Rxd1 e2 0-1

[Event "Championnat de France Cadette"]
[Site "CALVI"]
[Date "????.??.??"]
[Round "2.7"]
[White "Magnin, Segolene"]
[Black "Tissot, Alice"]
[Result "0-1"]
[WhiteElo "1900"]
[BlackElo "1859"]
[PlyCount "90"]
[EventDate "2005.??.??"]
[SourceDate "2005.04.17"]

1. b4 Nf6 2. Bb2 e6 3. b5 d5 4. e3 Bd6 5. f4 Nbd7 6. Nf3 c6 7. c4 O-O 8. Be2
Re8 9. Ne5 Ne4 10. O-O Bxe5 11. Bxe5 Nxe5 12. fxe5 Qg5 13. bxc6 bxc6 14. Qa4
Bb7 15. Qb3 Rab8 16. d4 dxc4 17. Qa3 c5 18. Bf3 c3 19. Re1 c2 20. Nc3 Nxc3 21.
Bxb7 Nb5 22. Qa6 Qe7 23. Qxb5 Rxb7 24. Qa4 cxd4 25. Qxc2 dxe3 26. Rxe3 Rc7 27.
Qf2 Rec8 28. h3 Qc5 29. Rf1 Qd4 30. Kh2 h6 31. Qf4 Qxf4+ 32. Rxf4 Rc2 33. Ra4
Rd2 34. Rxa7 Rcc2 35. Rg3 Rxa2 36. Rxa2 Rxa2 37. Re3 Ra4 38. g4 Rf4 39. Kg3 g5
40. h4 h5 41. hxg5 Rxg4+ 42. Kh3 Rxg5 43. Kh4 Rf5 44. Rg3+ Kh7 45. Rg5 Kh6 0-1

[Event "Championnat de France Cadette"]
[Site "CALVI"]
[Date "????.??.??"]
[Round "2.8"]
[White "Desanlis, Anne-Sophie"]
[Black "Michel, Isabelle"]
[Result "1-0"]
[WhiteElo "1854"]
[BlackElo "1530"]
[PlyCount "61"]
[EventDate "2005.??.??"]
[SourceDate "2005.04.17"]

1. c4 e5 2. g3 d5 3. cxd5 Qxd5 4. Nf3 e4 5. Nc3 Qf5 6. Qa4+ Bd7 7. Qxe4+ Qxe4
8. Nxe4 Nc6 9. Bg2 Bf5 10. d3 O-O-O 11. Nc3 Bb4 12. O-O Nf6 13. a3 Bxc3 14.
bxc3 Rhe8 15. Re1 Bg4 16. Bb2 Rd6 17. h3 Bh5 18. c4 Rde6 19. e3 Bg6 20. d4 Rd6
21. Rad1 Be4 22. Nd2 Bxg2 23. Kxg2 g5 24. d5 Ne5 25. Bxe5 Rxe5 26. Nf3 Re4 27.
Nxg5 Rxc4 28. Nxf7 Rxd5 29. Rxd5 Nxd5 30. Rd1 c6 31. Nd6+ 1-0

[Event "Championnat de France Cadette"]
[Site "CALVI"]
[Date "????.??.??"]
[Round "2.9"]
[White "Huisman, Camille"]
[Black "Bacon, Julie"]
[Result "0-1"]
[WhiteElo "1520"]
[BlackElo "1680"]
[PlyCount "50"]
[EventDate "2005.??.??"]
[SourceDate "2005.04.17"]

1. e4 c5 2. d4 cxd4 3. Qxd4 Nc6 4. Qa4 Nf6 5. Bb5 Qc7 6. c3 a6 7. Be3 Rb8 8.
Bd3 b5 9. Qc2 Ne5 10. Ne2 Nxd3+ 11. Qxd3 e5 12. O-O Bb7 13. Ng3 g6 14. f4 d6
15. fxe5 Ng4 16. exd6 Bxd6 17. Bd4 O-O 18. Qf3 Ne5 19. Qf6 Rfe8 20. Nf5 gxf5
21. Rxf5 Bxe4 22. Qg5+ Ng6 23. Qf6 Bxh2+ 24. Kf2 Qg3+ 25. Ke2 Bxf5+ 0-1

[Event "Championnat de France Cadette"]
[Site "CALVI"]
[Date "????.??.??"]
[Round "2.10"]
[White "Swiercz, Sonia"]
[Black "Belhachemi, Amandine"]
[Result "1/2-1/2"]
[WhiteElo "1590"]
[BlackElo "1450"]
[PlyCount "77"]
[EventDate "2005.??.??"]
[SourceDate "2005.04.17"]

1. e4 e5 2. Nf3 Nc6 3. Bc4 Bc5 4. c3 Nf6 5. d4 exd4 6. cxd4 Bb4+ 7. Nc3 Nxe4 8.
O-O Nxc3 9. bxc3 Be7 10. d5 Nb8 11. Qc2 d6 12. Re1 O-O 13. Bd3 g6 14. Bh6 Re8
15. Qd2 Bf6 16. Rxe8+ Qxe8 17. Re1 Qd8 18. Qe3 Bd7 19. c4 Na6 20. Ng5 Qe8 21.
Qd2 Qd8 22. Ne4 Nc5 23. Nxf6+ Qxf6 24. Bg5 Qd4 25. Be2 Qxd2 26. Bxd2 Re8 27. f3
c6 28. dxc6 Bxc6 29. Kf2 d5 30. cxd5 Bxd5 31. Rc1 b6 32. a3 Nb3 33. Rc2 Nxd2
34. Rxd2 Bc6 35. Rc2 Ba4 36. Rc7 a5 37. Rb7 Re6 38. Bc4 Rf6 39. Ke3 1/2-1/2

[Event "Championnat de France Cadette"]
[Site "CALVI"]
[Date "????.??.??"]
[Round "3.1"]
[White "Maupin, Valerie"]
[Black "Cochet, Caroline"]
[Result "0-1"]
[WhiteElo "2012"]
[BlackElo "2086"]
[PlyCount "70"]
[EventDate "2005.??.??"]
[SourceDate "2005.04.17"]

1. d4 d5 2. Nf3 Nf6 3. e3 Bf5 4. c4 c6 5. Qb3 Qb6 6. Qxb6 axb6 7. Nc3 Na6 8. a3
Nb4 9. Kd1 Ng4 10. Rg1 Nxf2+ 11. Kd2 g6 12. cxd5 Nc2 13. Ra2 Bh6 14. Ke2 Ng4
15. dxc6 bxc6 16. Nd1 Be6 17. h3 Bxa2 18. hxg4 Na1 19. Nc3 Bc4+ 20. Kd1 Bxf1
21. Rxf1 Nb3 22. Bd2 Nxd2 23. Kxd2 O-O 24. Ne5 c5 25. d5 Bg7 26. Nd7 Rfd8 27.
Nxb6 Bxc3+ 28. Kxc3 Rab8 29. Nc4 Rxd5 30. e4 Rd4 31. Ne5 Rxe4 32. Nxf7 Re2 33.
Nh6+ Kg7 34. g5 Rf8 35. Rd1 Rxg2 0-1

[Event "Championnat de France Cadette"]
[Site "CALVI"]
[Date "????.??.??"]
[Round "3.2"]
[White "Choisy, Mathilde"]
[Black "Marchadour, Emilie"]
[Result "1-0"]
[WhiteElo "2079"]
[BlackElo "2018"]
[PlyCount "67"]
[EventDate "2005.??.??"]
[SourceDate "2005.04.17"]

1. e4 c5 2. Nf3 e6 3. d4 cxd4 4. Nxd4 Nc6 5. Nc3 Qc7 6. Be3 Nf6 7. Qd2 Bb4 8.
f3 a6 9. a3 Be7 10. O-O-O O-O 11. g4 Na5 12. g5 Nh5 13. f4 Nc4 14. Bxc4 Qxc4
15. f5 b5 16. f6 Bc5 17. fxg7 Nxg7 18. h4 b4 19. axb4 Bxb4 20. h5 Bb7 21. g6
Bxe4 22. Rh4 Bxc3 23. bxc3 Qa2 24. gxh7+ Kxh7 25. Qf2 d5 26. Qf6 Nf5 27. Rxe4
dxe4 28. Nxf5 Qa1+ 29. Kd2 Rad8+ 30. Nd4 Qxd1+ 31. Kxd1 e5 32. Qxe5 f5 33. Qe7+
Kh8 34. Bg5 1-0

[Event "Championnat de France Cadette"]
[Site "CALVI"]
[Date "????.??.??"]
[Round "3.4"]
[White "Tissot, Alice"]
[Black "Aggoune, Liza"]
[Result "1-0"]
[WhiteElo "1859"]
[BlackElo "2060"]
[PlyCount "51"]
[EventDate "2005.??.??"]
[SourceDate "2005.04.17"]

1. e4 c5 2. Nf3 e6 3. c3 d5 4. exd5 Qxd5 5. d4 Nf6 6. Be3 Ng4 7. Nbd2 Nxe3 8.
fxe3 cxd4 9. exd4 Bd6 10. Bd3 O-O 11. Qc2 h6 12. O-O-O Qxa2 13. Nb1 Bd7 14. Qe2
Bc6 15. Rhf1 Qd5 16. Nbd2 Bf4 17. g3 Bxd2+ 18. Rxd2 Nd7 19. g4 Qd6 20. g5 Bxf3
21. Qxf3 hxg5 22. Qh5 f5 23. Qxg5 Rf7 24. d5 Qxd5 25. Bxf5 Qb5 26. Bh7+ 1-0

[Event "Championnat de France Cadette"]
[Site "CALVI"]
[Date "????.??.??"]
[Round "3.5"]
[White "Bacon, Julie"]
[Black "Bermond, Stephanie"]
[Result "0-1"]
[WhiteElo "1680"]
[BlackElo "2006"]
[PlyCount "76"]
[EventDate "2005.??.??"]
[SourceDate "2005.04.17"]

1. e4 d5 2. exd5 Nf6 3. Bb5+ Bd7 4. Bc4 Bg4 5. f3 Bf5 6. Nc3 Nbd7 7. Nge2 Nb6
8. Bb3 Nfxd5 9. Nxd5 Nxd5 10. O-O e6 11. Kh1 Bd6 12. Qe1 c6 13. a3 Qc7 14. Nd4
Bg6 15. Bxd5 cxd5 16. Nb5 Qc6 17. Nxd6+ Qxd6 18. d3 O-O 19. Bd2 Qb6 20. b4 Rfc8
21. Ra2 Qa6 22. Qa1 Qc6 23. Rc1 f6 24. f4 Qd6 25. Re1 Rc7 26. Qd4 b6 27. c4 Re8
28. Bc3 Bf7 29. Rae2 Qd7 30. c5 bxc5 31. bxc5 Qb5 32. Bb2 Rxc5 33. Qe3 Bg6 34.
Rd2 Rc7 35. Qg3 Rce7 36. Re3 Qb6 37. Rde2 d4 38. Rf3 Bh5 0-1

[Event "Championnat de France Cadette"]
[Site "CALVI"]
[Date "????.??.??"]
[Round "3.6"]
[White "Rasse, Charlotte"]
[Black "Desanlis, Anne-Sophie"]
[Result "1-0"]
[WhiteElo "1995"]
[BlackElo "1854"]
[PlyCount "73"]
[EventDate "2005.??.??"]
[SourceDate "2005.04.17"]

1. e4 c5 2. Nc3 d6 3. f4 Nc6 4. Nf3 g6 5. Bb5 Bd7 6. d4 cxd4 7. Nxd4 Bg7 8.
Nxc6 bxc6 9. Bd3 Qb6 10. Bd2 Qxb2 11. Rb1 Qa3 12. Rb3 Qc5 13. Na4 Qd4 14. Rb4
Qf6 15. O-O Qe6 16. Nc3 Nf6 17. Ne2 O-O 18. Qb1 Bc8 19. Nd4 Qd7 20. Ne2 c5 21.
Rb3 Qc7 22. c4 Ba6 23. Ng3 Rab8 24. Bc3 Ng4 25. Bxg7 Kxg7 26. Qc1 Rxb3 27. axb3
Rb8 28. Bc2 Bb7 29. f5 Nf6 30. fxg6 hxg6 31. Qg5 Kf8 32. Qh6+ Ke8 33. b4 cxb4
34. Ba4+ Bc6 35. Bxc6+ Qxc6 36. Qh8+ Kd7 37. Qxb8 1-0

[Event "Championnat de France Cadette"]
[Site "CALVI"]
[Date "????.??.??"]
[Round "3.7"]
[White "Labatut, Tifany"]
[Black "Hamsany, Marie"]
[Result "1-0"]
[WhiteElo "1580"]
[BlackElo "1940"]
[PlyCount "117"]
[EventDate "2005.??.??"]
[SourceDate "2005.04.17"]

1. e4 e5 2. Nf3 Nc6 3. d4 Nxd4 4. Nxd4 exd4 5. Qxd4 Ne7 6. Bc4 Nc6 7. Qd3 Ne5
8. Qb3 Nxc4 9. Qxc4 Be7 10. Bf4 d6 11. Nc3 c6 12. Rd1 Qb6 13. b3 Be6 14. Qd3
Rd8 15. O-O g5 16. Be3 c5 17. Nd5 Bxd5 18. exd5 Rd7 19. c4 Qd8 20. Rfe1 O-O 21.
Qf5 h6 22. h4 Kg7 23. h5 Rc7 24. Bc1 Bf6 25. Re4 Qd7 26. Qxd7 Rxd7 27. Rde1 a6
28. f4 b5 29. fxg5 Bxg5 30. Bxg5 hxg5 31. Re7 Rfd8 32. Kf2 Kh6 33. g4 Kg7 34.
Kf3 Kf6 35. Re8 bxc4 36. Rxd8 Rxd8 37. bxc4 Rb8 38. Re3 Rb4 39. Rc3 a5 40. a3
Rb1 41. Ke4 Re1+ 42. Re3 Rg1 43. Rf3+ Kg7 44. Kf5 a4 45. Kxg5 Rc1 46. h6+ Kg8
47. Re3 Rxc4 48. Re8+ Kh7 49. Rf8 Re4 50. Rxf7+ Kg8 51. Rg7+ Kh8 52. Rc7 Re5+
53. Kg6 Re8 54. g5 Rg8+ 55. Kf6 Rf8+ 56. Ke6 Rg8 57. Kxd6 Rxg5 58. Kxc5 Rh5 59.
h7 {59...Txd4 etait encore jouable} 1-0

[Event "Championnat de France Cadette"]
[Site "CALVI"]
[Date "????.??.??"]
[Round "3.8"]
[White "Pochol, Marion"]
[Black "Magnin, Segolene"]
[Result "0-1"]
[WhiteElo "1310"]
[BlackElo "1900"]
[PlyCount "82"]
[EventDate "2005.??.??"]
[SourceDate "2005.04.17"]

1. e4 e6 2. Nf3 d5 3. exd5 exd5 4. d3 Bd6 5. Be2 Ne7 6. h3 O-O 7. Nc3 c6 8. b3
Bb4 9. Bb2 d4 10. Qd2 dxc3 11. Bxc3 Bxc3 12. Qxc3 Be6 13. O-O Nd7 14. Qd4 Nf6
15. Qh4 Nf5 16. Qf4 Nd5 17. Qe5 Qf6 18. Qh2 Nc3 19. Rfe1 Nxe2+ 20. Kf1 Ned4 21.
Nxd4 Nxd4 22. Re4 Nf3 23. gxf3 Qxa1+ 24. Kg2 Qxa2 25. Qe5 Qxc2 26. d4 Qxb3 27.
Rh4 Qd5 28. Qg3 c5 29. dxc5 Qxc5 30. Qf4 g5 31. Qg3 f6 32. Rh6 Kg7 33. Rh4 Rad8
34. f4 Qd5+ 35. Kh2 h6 36. fxg5 fxg5 37. Qc3+ Kg6 38. Qg3 Qf3 39. Qg2 Qxg2+ 40.
Kxg2 gxh4 41. Kh2 Rxf2+ 0-1

[Event "Championnat de France Cadette"]
[Site "CALVI"]
[Date "????.??.??"]
[Round "3.9"]
[White "Plessis, Laura"]
[Black "Bartolo, Amandine"]
[Result "1-0"]
[WhiteElo "1898"]
[BlackElo "1260"]
[PlyCount "76"]
[EventDate "2005.??.??"]
[SourceDate "2005.04.17"]

1. d4 d5 2. Nf3 Nf6 3. e3 Bg4 4. c3 e6 5. Qc2 c5 6. Nbd2 Nc6 7. Bd3 Bd6 8. O-O
O-O 9. dxc5 Bxc5 10. e4 e5 11. exd5 Qxd5 12. Ng5 h6 13. Nge4 Nh5 14. Bc4 Qd7
15. Nxc5 Qe7 16. Ncb3 Nf4 17. Re1 Kh8 18. Nf1 Qg5 19. Ng3 Qh4 20. Bf1 Rae8 21.
f3 Bh5 22. Bxf4 exf4 23. Rxe8 Rxe8 24. Nxh5 Qxh5 25. Rd1 g6 26. Rd7 Re1 27.
Rxb7 Ne5 28. Qd2 Rb1 29. Qd4 Kh7 30. Nc5 Qg5 31. Qe4 h5 32. Ne6 Qf6 33. Qxb1
Qxe6 34. Qe4 Kg7 35. Rxa7 Qb6+ 36. Qd4 Qxd4+ 37. cxd4 Nc6 38. Rd7 Kf6 1-0

[Event "Championnat de France Cadette"]
[Site "CALVI"]
[Date "????.??.??"]
[Round "3.10"]
[White "Wandelle, Sandrine"]
[Black "Swiercz, Sonia"]
[Result "1/2-1/2"]
[WhiteElo "1370"]
[BlackElo "1590"]
[PlyCount "73"]
[EventDate "2005.??.??"]
[SourceDate "2005.04.17"]

1. e4 c5 2. Nc3 Nc6 3. f4 e6 4. g3 g6 5. Bg2 Bg7 6. d3 Nge7 7. Nf3 d6 8. O-O f5
9. Be3 e5 10. fxe5 Nxe5 11. exf5 Nxf3+ 12. Bxf3 Bxf5 13. Bxb7 Rb8 14. Bg2 Rxb2
15. Bd2 O-O 16. Rb1 Rxb1 17. Qxb1 Kh8 18. Qb7 Bd4+ 19. Kh1 Bc8 20. Rxf8+ Qxf8
21. Qf3 Qe8 22. Ne2 Bg7 23. Bc3 Bxc3 24. Nxc3 Nf5 25. Ne2 Ne3 26. Qf6+ Kg8 27.
Bf3 Bg4 28. Kg1 Bxf3 29. Qxf3 Nxc2 30. Qd5+ Kh8 31. Qxd6 Qe3+ 32. Kf1 Qf3+ 33.
Kg1 Ne1 34. Qd8+ Kg7 35. Qd7+ Kh6 36. Qh3+ Kg7 37. Qd7+ 1/2-1/2

[Event "Championnat de France Cadet"]
[Site "CALVI"]
[Date "????.??.??"]
[Round "3.1"]
[White "Le Goff, Francois-Xavier"]
[Black "Netzer, Jean"]
[Result "0-1"]
[WhiteElo "2053"]
[BlackElo "2384"]
[PlyCount "58"]
[EventDate "2005.??.??"]
[SourceDate "2005.04.17"]

1. e4 c5 2. Nf3 e6 3. d4 cxd4 4. Nxd4 a6 5. Nc3 b5 6. g3 Bb7 7. Bg2 Nf6 8. O-O
b4 9. Nce2 Bxe4 10. Bxe4 Nxe4 11. Nf4 Bc5 12. Re1 Nf6 13. Qf3 Bxd4 14. Qxa8 O-O
15. Qf3 Nc6 16. Nd3 Qb6 17. Bg5 Qb5 18. Be3 e5 19. Qf5 d5 20. Rab1 Qc4 21. c3
bxc3 22. bxc3 Bxc3 23. Rec1 Ne4 24. Ne1 Qxa2 25. f3 Nd4 26. Bxd4 Bxd4+ 27. Kh1
g6 28. Qd7 Qf2 29. Ng2 Qg1+ 0-1

[Event "Championnat de France Cadet"]
[Site "CALVI"]
[Date "????.??.??"]
[Round "3.2"]
[White "Delorme, Alban"]
[Black "Franck, Boris"]
[Result "1/2-1/2"]
[WhiteElo "2263"]
[BlackElo "1998"]
[PlyCount "45"]
[EventDate "2005.??.??"]
[SourceDate "2005.04.17"]

1. e4 d5 2. exd5 Nf6 3. d4 Bg4 4. Bb5+ Nbd7 5. Ne2 Nxd5 6. O-O e6 7. c4 N5f6 8.
Nbc3 Be7 9. c5 c6 10. Bd3 e5 11. b4 exd4 12. Na4 O-O 13. f3 Bh5 14. Nf4 Bg6 15.
Bxg6 hxg6 16. Qxd4 g5 17. Nd3 Nd5 18. Bb2 Bf6 19. Qf2 b5 20. cxb6 axb6 21. Bxf6
Qxf6 22. Nab2 Ra3 23. Rfd1 1/2-1/2

[Event "Championnat de France Cadet"]
[Site "CALVI"]
[Date "????.??.??"]
[Round "3.3"]
[White "Roos, Antoine"]
[Black "Pile, Richard"]
[Result "0-1"]
[WhiteElo "2045"]
[BlackElo "2259"]
[PlyCount "84"]
[EventDate "2005.??.??"]
[SourceDate "2005.04.17"]

1. e4 c5 2. Nf3 Nc6 3. d4 cxd4 4. Nxd4 g6 5. c4 Bg7 6. Be3 Nf6 7. Nc3 Ng4 8.
Qxg4 Nxd4 9. Qd1 e5 10. Bd3 d6 11. O-O O-O 12. Qd2 Be6 13. b3 f5 14. f3 Nc6 15.
Rfd1 f4 16. Bf2 Qe7 17. Bf1 Rfd8 18. Nb5 Bf8 19. Qb2 a6 20. Nc3 g5 21. Rd2 h5
22. Nd5 Qf7 23. Rad1 Rab8 24. Bb6 Rd7 25. b4 Bg7 26. b5 axb5 27. Qxb5 g4 28.
Be2 Kh8 29. Nb4 gxf3 30. gxf3 Nxb4 31. Qxb4 Rg8 32. Kh1 Bf8 33. Qb5 Qf6 34. c5
Rdg7 35. cxd6 Qg5 36. Bc4 Bxc4 37. Qxc4 Bxd6 38. Qc2 Bb4 39. Rd8 Rxd8 40. Rxd8+
Kh7 41. Rd1 Qg6 42. Bc7 Bc5 0-1